Portrait of life in Karnataka’s Malnad (Record no. 533515)

000 -LEADER
fixed length control field 00535nam a22001457a 4500
008 - FIXED-LENGTH DATA ELEMENTS--GENERAL INFORMATION
fixed length control field 260529b ||||| |||| 00| 0 eng d
100 ## - MAIN ENTRY--PERSONAL NAME
Personal name Alexander, Cheriyan
245 ## - TITLE STATEMENT
Title Portrait of life in Karnataka’s Malnad
260 ## - PUBLICATION, DISTRIBUTION, ETC. (IMPRINT)
Place of publication, distribution, etc The Book Review
300 ## - PHYSICAL DESCRIPTION
Extent 49(4), Apr, 2025: p.15-16
520 ## - SUMMARY, ETC.
Summary, etc Mayaloka: A Noel by Pornachandra Tejaswi, from the original Kannada by Krishna Murthy Chandar, Ratna Books, 2024, 368. Pp. Rs.799.00. –Reproduced
773 ## - HOST ITEM ENTRY
Main entry heading The Book Review
906 ## - LOCAL DATA ELEMENT F, LDF (RLIN)
Subject DIP BOOK REVIEW
942 ## - ADDED ENTRY ELEMENTS (KOHA)
Item type Articles
Holdings
Withdrawn status Lost status Source of classification or shelving scheme Damaged status Not for loan Permanent location Current location Date acquired Serial Enumeration / chronology Barcode Date last seen Koha item type
          Indian Institute of Public Administration Indian Institute of Public Administration 2026-05-29 49(4), Apr, 2025: p.15-16 AR139007 2026-05-29 Articles

Powered by Koha